000 01726cam a22004577a 4500
001 000092831
003 CHAP
005 20220817043959.0
008 050117d2004 mx r 00110 spa d
010 _a89297
011 _a90269
035 _a100825
040 _cCHAP
090 _aTesis
100 0 0 _aPineda Torres, Marisol
_988180
245 1 3 _aDiagonstico de la calidad de vida de Tepenohuauxtla, municipio de Rosa Morada, Nayarit /
_c/por Marisol Pineda Torres.
260 _aChapingo, Méx. :
_bEl autor,
_c2004.
300 _a72 h. :
_bilus.;gráfs.; cuadros, + anexo.
502 _aTesis (Ing. en Planeación y Manejo de los Recursos Naturales Renovables ) -- UACH. Departamento de Suelos
590 _aALEPH
_b10
_c20130110
_lUCH01
_h1502
590 _aBATCH-UPD
_b10
_c20130110
_lUCH01
_h0340
590 _aBATCH-UPD
_b10
_c20130110
_lUCH01
_h1747
590 _aBATCH-UPD
_b10
_c20130410
_lUCH01
_h0013
590 _aBATCH-UPD
_b10
_c20130914
_lUCH01
_h1913
590 _aBATCH-UPD
_b10
_c20140324
_lUCH01
_h1447
590 _aBATCH-UPD
_b10
_c20141002
_lUCH01
_h0824
590 _aCONVERSION
_b10
_c20130109
_lUCH01
_h1349
590 _aE792CSJ
_b10
_c20130628
_lUCH01
_h1103
650 1 4 _aPlanificación.
_988736
650 1 4 _aRecursos naturales
_xconservacion -- Nayarit.
_995220
650 1 4 _aRecursos naturales
_xConservación.
650 1 4 _aRecursos naturales
_zNayarit.
_995331
650 1 4 _aVida rural
_zMéxico.
_9119154
856 _3Finding aid
_uhttp://10.13.5.2/tesis/100825.pdf
_zTeclea aquí
901 _aBK
905 _aElisama A. H.
942 _cCD
942 _n0
949 _aTesis
_bBC
_cTES
_d100825
_eTS1
_h42942
_i100825
_sb
949 _aTesis
_bBC
_cTES
_d33724000930400
_eTS2
_fc.2
_h42943
_i100825
_si
999 _c89297
_d89297